000 00567nam a2200193Ia 4500
008 101110s9999 xx 000 0 und d
041 _aENGLISH
082 _bSR88
_a658.85
100 _aDavar Rustan S.
245 _apractical salesmanship Salses Managt. & Advt. Govt. of India
365 _b12.5
520 _aCommerce
546 _aENGLISH
630 _apractical salesmanship Salses Managt. & Advt. Govt. of India
650 _aCommerce
655 _aCommerce
730 _apractical salesmanship Salses Managt. & Advt. Govt. of India
942 _cBOOK
999 _c797510
_d797507